000 00319nam a2200109Ia 4500
001 1286763
005 20260417164403.0
008 260417s9999 xx 000 0 und d
020 _a9786258317930
245 0 _aHayvanlar Aleminden Masallar - 5 Mikroplardan Kurtulan Çakıl
_cYasemin Katı
260 _bBeyan Yayınları
999 _c1286763
_d1286763